Modern physics / (Record no. 29130)
[ view plain ]
| 000 -LEADER | |
|---|---|
| fixed length control field | 00488 a2200145 4500 |
| 020 ## - INTERNATIONAL STANDARD BOOK NUMBER | |
| International Standard Book Number | 8130900394 |
| 020 ## - INTERNATIONAL STANDARD BOOK NUMBER | |
| International Standard Book Number | 9788130900391 |
| 082 ## - DEWEY DECIMAL CLASSIFICATION NUMBER | |
| Classification number | 530 |
| 090 ## - LOCALLY ASSIGNED LC-TYPE CALL NUMBER (OCLC); LOCAL CALL NUMBER (RLIN) | |
| -- | 499 |
| -- | 499 |
| 100 1# - MAIN ENTRY--PERSONAL NAME | |
| Personal name | Kakani, S.L. and Shubhra. |
| 245 10 - TITLE STATEMENT | |
| Title | Modern physics / |
| Statement of responsibility, etc. | S.L. Kakani and Shubhra Kakani. |
| 260 ## - PUBLICATION, DISTRIBUTION, ETC. | |
| Place of publication, distribution, etc. | [S.l.] : |
| Name of publisher, distributor, etc. | Viva Books, |
| Date of publication, distribution, etc. | 2006. |
| 942 ## - ADDED ENTRY ELEMENTS (KOHA) | |
| Institution code [OBSOLETE] | SNS |
| Koha item type | Book |
| Call number prefix | 530 KAK |
| Withdrawn status | Lost status | Damaged status | Not for loan | Permanent Location | Current Location | Date acquired | Total Checkouts | Full call number | Barcode | Date last seen | Date last checked out | Price effective from | Koha item type |
|---|---|---|---|---|---|---|---|---|---|---|---|---|---|
| School of Natural Sciences (SNS) | School of Natural Sciences (SNS) | 05/26/2016 | 3 | 530 KAK | SNS0000433 | 11/25/2025 | 02/16/2024 | 05/26/2016 | Book |
